00739 2200253 4500001002100000005001500021035002000036245012500056100002400181250000600205300003900211700002800250260003500278082000800313084001400321020002200335650002500357990001700382990001700399990001800416990001700434990001700451990001700468INLIS00000000000083420190308013606 a0010-03190000471 aRahasia Sains Ensiklopedia Sains untuk Anak :bSeri Lingkungan /cAndarini Trisnasari; Penelaah, Bambang Gonggo Murcitro0 aAndarini Trisnasari a- aviii, 60 hlm. :bilus. ;c29,7 cm.0 aBambang Gonggo Murcitro aJakarta :bRizky Grafis,c2008 a503 a503 AND r a978-602-8179-10-2 aEnsiklopedia Inggris a02983/H/2018 a02984/H/2018 a02985/H/22018 a02985/H/2018 a02983/H/2018 a02984/H/2018